Escape the mask #1 / David Ward.
Available copies
- 0 of 1 copy available at LARL/NWRL Consortium. (Show)
- 0 of 1 copy available at Lake Agassiz Regional Library.
Current holds
1 current hold with 1 total copy.
Show Only Available Copies
| Location | Call Number / Copy Notes | Barcode | Shelving Location | Status | Due Date |
|---|---|---|---|---|---|
| Detroit Lakes Public Library | J WAR (Text) | 33500009642281 | Main | In transit | - |
Record details
- ISBN: 9780810994775
- ISBN: 0810994771
- Physical Description: 195 p. : map ; 20 cm.
- Publisher: New York : Amulet Books, 2008.
Content descriptions
| General Note: | First published by Scholastic Canada Ltd., c2001. Includes an excerpt from "Beneath the mask," book two of the trilogy. |
| Summary, etc.: | Six young friends, tortured by the Spears and ... Read More |
Search for related items by subject
| Subject: | Slavery > Juvenile fiction. Torture > Juvenile fiction. Slavery > Fiction. Torture > Fiction. Science fiction. |
Search for related items by series
| LDR | 01652pam a2200385 a 4500 | ||
|---|---|---|---|
| 001 | 91233 | ||
| 003 | LARL_NWRL_CONSORTIUM | ||
| 005 | 20080429090717.0 | ||
| 008 | 070809r20082001nyub c 000 1 eng d | ||
| 020 | . | ‡a9780810994775 | |
| 020 | . | ‡a0810994771 | |
| 035 | . | ‡a(OCoLC)163625193 | |
| 042 | . | ‡alcac | |
| 082 | 0 | 0. | ‡a[Fic] ‡222 |
| 100 | 1 | . | ‡aWard, David, ‡d1967- ‡0(LARL_NWRL_CONSORTIUM)198889 |
| 245 | 1 | 0. | ‡aEscape the mask ‡n#1 / ‡cDavid Ward. |
| 260 | . | ‡aNew York : ‡bAmulet Books, ‡c2008. | |
| 300 | . | ‡a195 p. : ‡bmap ; ‡c20 cm. | |
| 490 | 0 | . | ‡aGrassland trilogy ; ‡v1 |
| 500 | . | ‡aFirst published by Scholastic Canada Ltd., c2001. | |
| 500 | . | ‡aIncludes an excerpt from "Beneath the mask," book two of the trilogy. | |
| 520 | . | ‡aSix young friends, tortured by the Spears and forced to work as slaves in the harsh fields of Grassland, vow to escape to find the freedom that was stolen from them long ago, and their opportunity arises when Outsiders come and wage war against the Spears. | |
| 650 | 0. | ‡aSlavery ‡vJuvenile fiction. ‡0(LARL_NWRL_CONSORTIUM)175087 | |
| 650 | 0. | ‡aTorture ‡vJuvenile fiction. | |
| 650 | 1. | ‡aSlavery ‡vFiction. ‡0(LARL_NWRL_CONSORTIUM)167431 | |
| 650 | 1. | ‡aTorture ‡vFiction. | |
| 650 | 1. | ‡aScience fiction. ‡0(LARL_NWRL_CONSORTIUM)30394 | |
| 901 | . | ‡a91233 ‡bOCLC ‡c91233 ‡tbiblio | |

Add to basket
Permalink
Disable Highlighting